Normal view
MARC view
- Kotler,Philip/Kevin Lane Keller/Swee Hoon Ang/Siew Meng Leong/Chin Tiong Tan
Entry Personal Name
001 - CONTROL NUMBER
- control field: 1802
003 - CONTROL NUMBER IDENTIFIER
- control field: JO-AjAnu
005 - DATE AND TIME OF LATEST TRANSACTION
- control field: 20230606070610.0
008 - FIXED-LENGTH DATA ELEMENTS
- fixed length control field: 230606|| aca||aabn | a|a d
040 ## - CATALOGING SOURCE
- Original cataloging agency: JO-AjAnu
- Transcribing agency: JO-AjAnu
100 ## - HEADING--PERSONAL NAME
- Personal name: Kotler,Philip/Kevin Lane Keller/Swee Hoon Ang/Siew Meng Leong/Chin Tiong Tan
670 ## - SOURCE DATA FOUND
- Source citation: Work cat.: (JO-AjAnu)950: Kotler,Philip/Kevin Lane Keller/Swee Hoon Ang/Siew Meng Leong/Chin Tiong Tan, author, Marketing Management:An Asian Perspective